Booba - AC Milan paroles - Statistiques

Statistiques générales
  • Ce quiz a été pris 219 fois
  • Le résultat moyen est 256 sur 499
Statistiques - réponses
Hint Réponse % Correct
à
99%
a
99%
de
92%
De
92%
A.C Milan
91%
bilan
91%
le
89%
Le
89%
plus
87%
Plus
87%
Tu
86%
tu
86%
"i"
83%
Benzema
81%
d'où
81%
j'fais
81%
moi
80%
Moi
80%
me
79%
MMA
79%
frappe
78%
violent
77%
double
76%
qu'un
76%
es
75%
ma
75%
quoi
75%
croyais
74%
des
74%
74%
du
74%
Je
73%
je
73%
baiser
72%
qui
72%
Qui
72%
te
72%
y'a
72%
Izi, il n'en restera qu'un Morray, t'vois j'veux dire ou pas ?
71%
ne
71%
71%
Mi
70%
mi
70%
n'en
70%
que
70%
dans
69%
j'suis
69%
J'suis
69%
Pour
69%
pour
69%
en
68%
En
68%
eux
68%
la
68%
se
68%
qu'une
67%
comme
66%
d'espoir
66%
oublie
66%
restera
66%
Si
66%
ni
65%
Ni
65%
personne
65%
Personne
65%
sur
65%
jamais
64%
noir
64%
vous
64%
Vous
64%
Il
63%
il
63%
qu'du
63%
au
62%
rouge
61%
l'turfu
60%
Mais
60%
mais
60%
pas
60%
Pas
60%
ici
59%
un
59%
ça
58%
ca
58%
Ça
58%
respecte
58%
92izi
57%
bien
57%
Détrôner
57%
Duc
57%
long
57%
sexe
57%
une
57%
Sénégalais
56%
vu
56%
j'te
55%
Kopp
55%
vendredi
55%
frelon
53%
Izi
53%
izi
53%
LCI
53%
on
53%
On
53%
braque
52%
fait
52%
fin
52%
l'redis
52%
M'attaquer
52%
n'auriez
52%
petit
52%
grand
51%
homme
50%
l'dis
50%
nous
50%
agression
49%
bad
49%
bitch
49%
hess
49%
J'ai
49%
met
49%
si-si
49%
Chez
48%
quand
48%
rien
48%
sexuelle
48%
elle
47%
est
47%
Ils
47%
ils
47%
les
47%
négr*
47%
anti-aérien
46%
mère
46%
Missile
46%
vient
46%
braquer
45%
femme
45%
souffert
45%
sous
45%
terre
45%
mon
44%
pieds
44%
tant
44%
2013
43%
attentat
43%
bitzer
43%
enfant
43%
insulté
43%
mineur"
43%
ont
43%
six
43%
ton
43%
pardonnerai
42%
Bienvenue
41%
boloss
41%
cela
41%
honte
41%
même
41%
mène
41%
N'intéresses
41%
Sale pointeur ! #ÉmileLouisLaounizi R.O.H.2fesses, Housni Couilles-de-bois, Zoulette Empire
41%
sauras
41%
arme
39%
Et
39%
La Fouine
39%
pointeur
39%
l'Iran
38%
seront
38%
venu
38%
Laouni
37%
n'leur
37%
aime
36%
dit
36%
J'attaque
36%
non
36%
m'attends
35%
qu'ton
35%
bam
34%
deux
34%
Emile
34%
grosse
34%
Louis
34%
mettre
34%
MORRAY
34%
oh
34%
putain
34%
rappeur
34%
savent
34%
savoir
34%
tibias
34%
vilain
34%
bilibam"
33%
mes
33%
qu'il
33%
R.O.H2 fesses
33%
calibré
32%
connu
32%
disque
32%
ennemis
32%
frais
32%
Louboutin
32%
lyrics
32%
n'peux
32%
parle
32%
premier
32%
résument
32%
Vos
32%
vraiment
32%
aucun
31%
cas
31%
Dieu
31%
foufounes
31%
n'as-tu
31%
paquets
31%
t'es
31%
bilingue
30%
"C'est
30%
d'bouquin
30%
donc
30%
fuck
30%
merde
30%
Oui
30%
oui
30%
paire
30%
tout
30%
bulletin
29%
dire
29%
hebs
29%
jusqu'à
29%
"Ouais
29%
ouais
29%
prout
29%
siècle
29%
bicravez
28%
couilles
28%
d'pâtes
28%
français
28%
j'lis
28%
joue
28%
l'rap
28%
m'envoyais
28%
n'était
28%
n'vendez
28%
O.V.N.I
28%
"pouèt
28%
pouèt
28%
ring
28%
super
28%
vrais
28%
zéros
28%
bling-bling
27%
chien
27%
êtes
27%
grave
27%
heureux
27%
mal
27%
Trappes"
27%
criminels
26%
monter
26%
peut-on
26%
Rafale
26%
Tataouine
26%
win
26%
Aujourd'hui
25%
BAH
25%
beef
25%
blanche
25%
d'milligrammes
25%
Kawasaki
25%
parles
25%
avec
24%
coeur
24%
crame
24%
Laounizi
24%
n'fait
24%
n'serait
24%
poches
24%
t'inquiète
24%
25
23%
BRAVO
23%
nada
23%
refuses
23%
t'étais
23%
12
22%
craint
22%
d'diplôme
22%
klawi
22%
l'ring
22%
t'fait
21%
TLF
21%
Mouhid
18%
pics
18%
wallaye
18%
81
17%
"gling-gling"
17%
menace
17%
clique
16%
dégradation
16%
n'feront
16%
bilaye
15%
Ikbal
15%
sec
15%
extorsion
14%
fonds
14%
privé
13%
Sahraoui
13%
come
9%
(???) rezefaitzait
8%
"Outrage à personne chargée d'une mission de service, une atteinte sexuelle, deux violences volontaires."
7%
encore
6%
92izon dans la maison
5%
négr*s
4%
FFHOR
3%
hey
3%
recl
2%
resetra
2%
Aucun quiz correspondant
Distribution des résultats
% des personnes avec chaque résultat
Percentile par nombre de réponses
Votre historique - résultats
Vous n’avez pas pris ce quiz